Statistics for Neigbouring Countries with Similar Population

Click here to take the quiz!

General Stats

  • This quiz has been taken 216 times
    (95 since last reset)
  • The average score is 26 of 38

Answers on the Map

Answers color-coded by a green-red scale on the quiz's map according to % correct below.
 

Answer Stats

HintPopulation RatioCountry% Correct
N America1.112France / ItalyFrance
89%
Europe1.112France / ItalyItaly
88%
Africa1.094Ukraine / PolandPoland
81%
Europe1.094Ukraine / PolandUkraine
81%
Asia1.034China / IndiaChina
79%
Asia1.034China / IndiaIndia
79%
Africa1.010Iran / TurkeyIran
79%
Europe1.036Austria / SwitzerlandAustria
77%
Africa1.101Hungary / AustriaAustria
77%
Europe1.101Hungary / AustriaHungary
76%
Africa1.117Niger / MaliNiger
76%
Africa1.069Niger / Burkina FasoNiger
76%
Africa1.117Niger / MaliMali
75%
Africa1.045Burkina Faso / MaliMali
75%
Asia1.010Iran / TurkeyTurkey
74%
Europe1.005Bulgaria / SerbiaSerbia
73%
Africa1.063Tanzania / KenyaKenya
71%
Africa1.021Central African Republic / Republic of the CongoRepublic of the Congo
71%
Europe1.036Austria / SwitzerlandSwitzerland
71%
Africa1.063Tanzania / KenyaTanzania
71%
Africa1.005Bulgaria / SerbiaBulgaria
68%
Africa1.147Zambia / ZimbabweZambia
68%
Africa1.011Malawi / ZambiaZambia
68%
Europe1.118Haiti / Dominican RepublicDominican Republic
67%
N America1.118Haiti / Dominican RepublicHaiti
67%
Asia1.033Finland / NorwayFinland
62%
Europe1.033Finland / NorwayNorway
62%
Africa1.147Zambia / ZimbabweZimbabwe
62%
Europe1.021Central African Republic / Republic of the CongoCentral African Republic
61%
Africa1.051Namibia / BotswanaNamibia
57%
Asia1.051Namibia / BotswanaBotswana
56%
Asia1.047Uzbekistan / AfghanistanAfghanistan
55%
Africa1.011Malawi / ZambiaMalawi
55%
Africa1.045Burkina Faso / MaliBurkina Faso
54%
Europe1.069Niger / Burkina FasoBurkina Faso
54%
Africa1.130Rwanda / BurundiRwanda
54%
Asia1.047Uzbekistan / AfghanistanUzbekistan
54%
Europe1.130Rwanda / BurundiBurundi
51%

Score Distribution

Percentile by Number Answered

Percent of People with Each Score

Your Score History

You have not taken this quiz since the last reset